Amin and karim
| Format: | Book |
|---|---|
| Published: |
Kuala lumpur :
Goodmark enterprise ,
Unknow
|
| Subjects: |
MARC
| LEADER | 00000cam a2200000 7i4500 | ||
|---|---|---|---|
| 001 | 0000080471 | ||
| 005 | 20180813.0 | ||
| 008 | 180813 | ||
| 020 | |a 9830571467 | ||
| 090 | 0 | 0 | |a JF |b ENG |
| 245 | 0 | 0 | |a Amin and karim |
| 260 | |a Kuala lumpur : |b Goodmark enterprise , |c Unknow | ||
| 650 | 0 | |a Bukit kiara young reader series | |
| 999 | |a 0000536584 |b Book |c Children Collection |e Cawangan Pontian | ||